<?xml version="1.0" encoding="UTF-8"?><?xml-stylesheet type="text/xsl" href="static/style.xsl"?><OAI-PMH xmlns="http://www.openarchives.org/OAI/2.0/" xmlns:xsi="http://www.w3.org/2001/XMLSchema-instance" xsi:schemaLocation="http://www.openarchives.org/OAI/2.0/ http://www.openarchives.org/OAI/2.0/OAI-PMH.xsd"><responseDate>2026-04-18T03:03:15Z</responseDate><request verb="GetRecord" identifier="oai:www.recercat.cat:2072/474605" metadataPrefix="marc">https://recercat.cat/oai/request</request><GetRecord><record><header><identifier>oai:recercat.cat:2072/474605</identifier><datestamp>2024-11-04T07:35:39Z</datestamp><setSpec>com_2072_98</setSpec><setSpec>col_2072_378192</setSpec></header><metadata><record xmlns="http://www.loc.gov/MARC21/slim" xmlns:dcterms="http://purl.org/dc/terms/" xmlns:xsi="http://www.w3.org/2001/XMLSchema-instance" xmlns:doc="http://www.lyncode.com/xoai" xsi:schemaLocation="http://www.loc.gov/MARC21/slim http://www.loc.gov/standards/marcxml/schema/MARC21slim.xsd">
   <leader>00925njm 22002777a 4500</leader>
   <datafield ind2=" " ind1=" " tag="042">
      <subfield code="a">dc</subfield>
   </datafield>
   <datafield ind2=" " ind1=" " tag="720">
      <subfield code="a">Molina López, Rafael</subfield>
      <subfield code="e">author</subfield>
   </datafield>
   <datafield ind2=" " ind1=" " tag="720">
      <subfield code="a">Obón, Elena</subfield>
      <subfield code="e">author</subfield>
   </datafield>
   <datafield ind2=" " ind1=" " tag="720">
      <subfield code="a">Darwich Soliva, Laila</subfield>
      <subfield code="e">author</subfield>
   </datafield>
   <datafield ind2=" " ind1=" " tag="260">
      <subfield code="c">2024</subfield>
   </datafield>
   <datafield ind2=" " ind1=" " tag="520">
      <subfield code="a">Wildlife rehabilitation centers (WRC) play a crucial role in the collection of data and the monitoring of hedgehog populations. The main objective of this study was to identify the morbidity and prognostic factors associated with the mortality of wild hedgehogs admitted at a WRC in Catalonia. A total number of 3397 hedgehogs admitted from 1995 to 2020 were studied. The principal cause of admission was orphaned/young category (41%) followed by misplacement (19%), natural disease (17%), and trauma (14%). The best outcomes for release were for misplacement (93.6%), orphaned/young (72.3%), and other causes (77.6%), and the lowest proportion of released animals were found for natural disease (41.4%) and trauma (44.7%) categories. The most common macroscopic findings were the respiratory and digestive lesions. Internal parasites were also prevalent in 61% of the animals but with no association with a higher mortality. In the multivariate analyses, the prognostic indicators related with the mortality outcome were the presence of systemic (OR = 3.6, CI 95%: 2.8-4.6) and neurological (OR = 4.3, CI 95%: 2.9-6.4) signs. Morbidity and prognostic factors in wildlife rehabilitation are essential for providing effective care, making informed decisions, optimizing resources, and improving rehabilitation success rates.</subfield>
   </datafield>
   <datafield ind1="8" ind2=" " tag="024">
      <subfield code="a">http://hdl.handle.net/2072/474605</subfield>
   </datafield>
   <datafield tag="653" ind2=" " ind1=" ">
      <subfield code="a">Atelerix algirus</subfield>
   </datafield>
   <datafield tag="653" ind2=" " ind1=" ">
      <subfield code="a">Erinaceus europaeus</subfield>
   </datafield>
   <datafield tag="653" ind2=" " ind1=" ">
      <subfield code="a">Prognostic factors</subfield>
   </datafield>
   <datafield tag="653" ind2=" " ind1=" ">
      <subfield code="a">Wild hedgehogs</subfield>
   </datafield>
   <datafield tag="653" ind2=" " ind1=" ">
      <subfield code="a">Wildlife rehabilitation center</subfield>
   </datafield>
   <datafield ind2="0" ind1="0" tag="245">
      <subfield code="a">Morbidity and Prognostic Factors Associated with Wild Hedgehogs Admitted to a Wildlife Rehabilitation Center in Catalonia (NE Spain) from 1995 to 2020</subfield>
   </datafield>
</record></metadata></record></GetRecord></OAI-PMH>